Central Library OPAC University of Rajshahi

Concise report on the world population situation in 1979 : (Record no. 57834)

MARC details
000 -LEADER
fixed length control field 01215nam a2200313 a 4500
001 - CONTROL NUMBER
control field 57834
003 - CONTROL NUMBER IDENTIFIER
rucl marc code BD-RjUL
005 - DATE AND TIME OF LATEST TRANSACTION
control field 20211209080546.0
008 - FIXED-LENGTH DATA ELEMENTS--GENERAL INFORMATION
fixed length control field 161212s1980 enka b i000 0 eng d
035 ## - SYSTEM CONTROL NUMBER
System control number (BD-RjUL)57958
040 ## - CATALOGING SOURCE
Original cataloging agency CBU
Transcribing agency CBU
Modifying agency OCL
-- BD-RjUL
Language of cataloging eng
041 ## - LANGUAGE CODE
Language code of text/sound track or separate title eng
082 ## - DEWEY DECIMAL CLASSIFICATION NUMBER
Edition number 23
Classification number 304.6
Author mark and year WOR 1980
245 10 - TITLE STATEMENT
Title Concise report on the world population situation in 1979 :
Remainder of title conditions, trends, prospects, policies /
Statement of responsibility, etc. Department of International Economic and Social Affairs
260 ## - PUBLICATION, DISTRIBUTION, ETC. (IMPRINT)
Place of publication, distribution, etc. New York :
Name of publisher, distributor, etc. United Nations,
Date of publication, distribution, etc. 1980.
300 ## - PHYSICAL DESCRIPTION
Pagination viii, 115 p. :
Illustrations ill. ;
Size 23 cm.
490 1# - SERIES STATEMENT
Series statement Population studies ; no. 72
Series statement Document (United Nations) ;
Volume/sequential designation ST/ESA/SER.A/72
504 ## - BIBLIOGRAPHY, ETC. NOTE
Bibliography, etc Includes bibliographical references.
650 #0 - SUBJECT ADDED ENTRY--TOPICAL TERM
Topical term or geographic name as entry element Population.
9 (RLIN) 171140
Topical term or geographic name as entry element Population policy.
9 (RLIN) 171769
Topical term or geographic name as entry element Population.
9 (RLIN) 171140
Topical term or geographic name as entry element Population Control.
9 (RLIN) 171770
710 2# - ADDED ENTRY--CORPORATE NAME
Corporate name or jurisdiction name as entry element United Nations.
Subordinate unit Department of International Economic and Social Affairs.
9 (RLIN) 171771
830 #0 - SERIES ADDED ENTRY--UNIFORM TITLE
Uniform title Population studies (New York, N.Y.) ;
Volume number/sequential designation no. 72.
Uniform title Document (United Nations) ;
Volume number/sequential designation ST/ESA/SER.A/72.
942 ## - ADDED ENTRY ELEMENTS (KOHA)
Source of classification or shelving scheme Dewey Decimal Classification
Koha item type Books
Holdings
Lost status Source of classification or shelving scheme Damaged status Not for loan Collection code Permanent Location Current Location Shelving location Date acquired Source of acquisition Total Checkouts Full call number Date last seen Copy number Koha item type
  Dewey Decimal Classification   Not For Loan Non-fiction Central Library, University of Rajshahi Central Library, University of Rajshahi Reading Room 30/06/1996 Karim Inter   304.6 WOR 1980 12/12/2016 C-1 Books